[Event "AUTO-INT-1563"]
[Site "http://www.queenalice.com/game.php?id=705615"]
[Date "2009.12.30"]
[Round "1"]
[White "chessmike1"]
[Black "pfunk339"]
[Result "1-0"]
[WhiteElo "1287"]
[BlackElo "1221"]

1. Nc3 d5 2. e3 Nf6 3. d4 b6 4. Nf3 Bf5 5. Nh4 e6 6. Be2 Bb4 7. Nxf5 exf5 8. Bd2
Ne4 9. Nxe4 Bxd2+ 10. Nxd2 O-O 11. Nf3 Nd7 12. Bb5 Nf6 13. Qd3 g6 14. Ne5 Qe7
15. O-O-O 1-0

[Event "AUTO-INT-1563"]
[Site "http://www.queenalice.com/game.php?id=705628"]
[Date "2009.12.30"]
[Round "1"]
[White "RenatoAraujo"]
[Black "chessmike1"]
[Result "1-0"]
[WhiteElo "1782"]
[BlackElo "1238"]

1. e4 e5 2. Nf3 d6 3. d4 exd4 4. Nxd4 Nf6 5. Nc3 Be7 6. Be2 Bd7 7. O-O a6 8. Be3
Nc6 9. f4 Nxd4 10. Bxd4 c5 11. Be3 Bc6 12. Bf3 b5 13. e5 Bxf3 14. Qxf3 dxe5 15.
fxe5 Nd7 16. Qxf7# 1-0

[Event "AUTO-INT-1563"]
[Site "http://www.queenalice.com/game.php?id=705629"]
[Date "2009.12.30"]
[Round "1"]
[White "chessmike1"]
[Black "RenatoAraujo"]
[Result "0-1"]
[WhiteElo "1229"]
[BlackElo "2059"]

1. Nc3 d5 2. d4 Nf6 3. Bg5 Ne4 4. Bd2 g6 5. e3 Bg7 6. Bd3 Nxd2 7. Qxd2 O-O 8.
Nge2 c5 9. dxc5 Qa5 10. O-O Qxc5 11. a3 a6 12. Nf4 e6 13. Be2 Nc6 14. Rab1 b5
15. Nd3 Qe7 16. Bf3 Bb7 17. Ne2 Rfd8 18. Nef4 Ne5 19. Nxe5 Bxe5 20. Ne2 Rac8 21.
Nf4 Qc7 22. c3 Kg7 23. g3 h5 24. Nd3 Bd6 25. Nb4 a5 26. Nc2 h4 27. Qd4+ e5 28.
Qxh4 Rh8 29. Qg4 f5 30. Qg5 Be7 31. Qxe7+ Qxe7 32. Rbd1 Rcd8 33. Na1 d4 34. Bxb7
Qxb7 35. exd4 Qf3 36. Rd2 Rxh2 37. Kxh2 Rh8+ 0-1

[Event "AUTO-INT-1563"]
[Site "http://www.queenalice.com/game.php?id=705638"]
[Date "2009.12.30"]
[Round "1"]
[White "chessmike1"]
[Black "Renatogr90"]
[Result "0-1"]
[WhiteElo "1349"]
[BlackElo "1606"]

1. e4 e5 2. Nc3 Nf6 3. a3 Bc5 4. h3 d5 5. exd5 Nxd5 6. d3 Nxc3 7. bxc3 Qf6 8.
Qf3 Qxf3 9. Nxf3 Bf5 10. Nxe5 f6 11. Nc4 Nc6 12. Bf4 O-O-O 13. Be2 b5 14. Nd2
Rhe8 15. Nb3 Bb6 16. Nc1 g5 17. Bd2 Ne5 18. d4 Nc4 19. Nd3 Bxd3 20. cxd3 Nb2 21.
Kf1 a5 22. Rb1 Na4 23. Bg4+ Kb7 24. Bf5 h6 25. Rxb5 c6 26. Rb1 Ka6 27. Bg6 Re6
28. Bf5 Red6 29. Be4 Rf8 30. g4 Re6 31. d5 cxd5 32. Bxd5 Rd6 33. c4 Bc5 34. Kg2
Bxa3 35. Bb7+ Ka7 36. Be3+ Kb8 37. Bc6+ Kc7 38. Bxa4 Rxd3 0-1

[Event "AUTO-INT-1563"]
[Site "http://www.queenalice.com/game.php?id=705639"]
[Date "2009.12.30"]
[Round "1"]
[White "Renatogr90"]
[Black "chessmike1"]
[Result "1-0"]
[WhiteElo "1617"]
[BlackElo "1338"]

1. e4 e5 2. Nf3 d6 3. Bb5+ Bd7 4. Bxd7+ Qxd7 5. d4 exd4 6. Qxd4 h6 7. Nc3 Ne7 8.
Bxh6 Rxh6 9. O-O Nbc6 10. Qd3 Ne5 11. Nxe5 dxe5 12. Rfd1 Qxd3 13. Rxd3 Nc6 14.
Nd5 O-O-O 15. Rf1 Bc5 16. c3 Rh4 17. b4 Bf8 18. Re1 Ne7 19. Nxe7+ Bxe7 20. g3
Rxd3 21. gxh4 Rxc3 22. h5 Rh3 23. Re3 Rxh5 24. Rg3 Rg5 25. Rxg5 Bxg5 26. Kg2 Kd7
27. Kf3 Kd6 28. a4 Bd2 29. h4 Bxb4 30. h5 c5 31. Kg4 c4 32. Kf5 c3 33. h6 gxh6
34. Kf6 c2 35. Kxf7 c1=Q 36. a5 Qf4+ 37. Kg7 Qg5+ 38. Kf7 Qe7+ 39. Kg6 Qe6+ 40.
Kh5 Qh3+ 41. Kg6 Qe6+ 42. Kg7 1-0

[Event "AUTO-INT-1566"]
[Site "http://www.queenalice.com/game.php?id=706909"]
[Date "2010.1.1"]
[Round "1"]
[White "Liesel"]
[Black "chessmike1"]
[Result "1-0"]
[WhiteElo "1717"]
[BlackElo "1375"]

1. e4 e5 2. Nf3 d6 3. d4 exd4 4. Nxd4 Nf6 5. Nc3 Be7 6. Bc4 Bd7 7. Be3 Nc6 8.
Nxc6 Bxc6 9. Nd5 Nxe4 10. Qf3 Nf6 11. O-O-O h6 12. Bd4 a6 13. Rhe1 Qd7 14. Qb3
Nxd5 15. Bxd5 Bxd5 16. Qxd5 c6 17. Qf3 O-O 18. Qg3 f6 19. Re4 d5 20. Re3 Qd6 21.
Rde1 Qxg3 22. Rxg3 Bd6 23. Rh3 c5 24. Be3 d4 25. Bd2 c4 26. Re4 Be5 27. Rg4 1-0

[Event "AUTO-INT-1566"]
[Site "http://www.queenalice.com/game.php?id=706910"]
[Date "2010.1.1"]
[Round "1"]
[White "chessmike1"]
[Black "Liesel"]
[Result "0-1"]
[WhiteElo "1377"]
[BlackElo "1715"]

1. Nf3 d5 2. d4 Nf6 3. Nc3 Nc6 4. Bg5 e6 5. a3 Be7 6. Bf4 O-O 7. Nb5 Bd6 8. Bg5
a6 9. Nxd6 cxd6 10. Qd2 e5 11. dxe5 dxe5 12. Bxf6 Qxf6 13. Qxd5 e4 14. Qxe4 Bf5
15. Qf4 Qxb2 16. Qc1 Qxc2 17. Qxc2 Bxc2 18. Rc1 Bg6 19. e3 Rad8 20. Bc4 b5 21.
Bxf7+ Bxf7 22. Rxc6 Bb3 23. O-O a5 24. Rb6 Rb8 25. Rd6 b4 26. axb4 Rxb4 0-1

[Event "AUTO-INT-1566"]
[Site "http://www.queenalice.com/game.php?id=706917"]
[Date "2010.1.1"]
[Round "1"]
[White "chessmike1"]
[Black "william_1987br"]
[Result "0-1"]
[WhiteElo "1387"]
[BlackElo "1650"]

1. e4 e5 2. Nf3 Nc6 3. Nc3 Bc5 4. Na4 d6 5. h3 f5 6. exf5 Bxf5 7. Nc3 Qf6 8. Nd5
Qf7 9. Ne3 O-O-O 10. Ng5 Qf6 11. Nf3 e4 12. Ng1 Nge7 13. a3 d5 14. c3 d4 15.
cxd4 Bxd4 16. Nc4 g5 17. Be2 Qe6 18. Ne3 Rhf8 19. Bc4 Qe5 20. Qc2 Bg6 21. Ne2
Bh5 22. Bb3 Qb5 23. Qc4 Qxc4 24. Nxc4 Bxf2+ 25. Kd1 Nd4 26. g4 Bf7 27. Nxd4 Rxd4
28. Na5 h5 29. Ke2 Bxb3 30. Nxb3 Rd3 31. Na5 Nd5 32. Nc4 Rff3 33. Ne5 Nf4+ 34.
Kd1 hxg4 35. Nxf3 gxf3 0-1

[Event "AUTO-INT-1566"]
[Site "http://www.queenalice.com/game.php?id=706918"]
[Date "2010.1.1"]
[Round "1"]
[White "william_1987br"]
[Black "chessmike1"]
[Result "1-0"]
[WhiteElo "1655"]
[BlackElo "1382"]

1. e4 e5 2. Nf3 d6 3. Bc4 Nc6 4. d3 Bg4 5. O-O Na5 6. h3 Bxf3 7. Qxf3 Qf6 8. Nc3
Qxf3 9. gxf3 Nxc4 10. dxc4 O-O-O 11. b4 d5 12. cxd5 Bxb4 13. Nb5 Kb8 14. Bg5 f6
15. Rab1 Ba5 16. Be3 b6 17. f4 a6 18. Na3 exf4 19. Bxf4 g5 20. Be3 Ne7 21. Nc4
Bc3 22. f4 gxf4 23. Bxf4 Rhg8+ 24. Kh2 Ng6 25. Rb3 Bd4 26. c3 Be5 27. Bxe5 fxe5
28. Rf5 Rde8 29. a4 Kc8 30. a5 b5 31. Ne3 Nf4 32. c4 bxc4 33. Nxc4 Rg2+ 34. Kh1
Re2 35. Re3 Rc2 36. Na3 Rc1+ 37. Kh2 1-0

[Event "Let's Play Chess!"]
[Site "http://www.queenalice.com/game.php?id=729939"]
[Date "2010.2.11"]
[Round "-"]
[White "chessmike1"]
[Black "MisterTibs"]
[Result "0-1"]
[WhiteElo "1236"]
[BlackElo "1472"]

1. e4 e6 2. Nc3 d5 3. exd5 exd5 4. Qe2+ Be6 5. Qb5+ Nd7 6. Qxb7 Rb8 7. Qxa7 Bc5
8. Qa4 Ne7 9. Qf4 Rb4 10. Qf3 Bg4 11. Qg3 Nf5 12. Qd3 Nd4 13. Nxd5 Ne5 14. Qa6
Nxc2# 0-1

[Event "Let's Play Chess!"]
[Site "http://www.queenalice.com/game.php?id=729944"]
[Date "2010.2.11"]
[Round "-"]
[White "chessmike1"]
[Black "ljkhalil"]
[Result "1-0"]
[WhiteElo "1392"]
[BlackElo "1798"]

1. Nc3 c5 2. e4 Nc6 3. d3 e5 4. Be3 Be7 5. Nf3 Nf6 6. Nd5 Bd6 7. Nxf6+ Qxf6 8.
Qd2 Qe6 9. Ng5 Qe7 10. h3 h6 11. Nf3 c4 12. dxc4 Na5 13. Be2 f6 14. a3 b6 15. b4
Nc6 16. Nh4 Qf7 17. Nf5 Bf8 18. Nd6+ Bxd6 19. Qxd6 Qe6 20. c5 Qxd6 21. cxd6 Nd4
22. Bxd4 exd4 23. O-O Bb7 24. f3 Rc8 25. c4 dxc3 26. Rac1 a6 27. Rfd1 Kf7 28.
Rd3 c2 29. Rd4 Rc6 30. Bd3 Ke6 31. Bc4+ Ke5 32. Rd5+ Ke6 33. Bb3 Rhc8 34. Rd2+
Ke5 35. Rd5+ Kf4 36. Kf2 1-0

[Event "AUTO-OPEN-1892"]
[Site "http://www.queenalice.com/game.php?id=737473"]
[Date "2010.2.25"]
[Round "1"]
[White "chessmike1"]
[Black "vininetto"]
[Result "0-1"]
[WhiteElo "1413"]
[BlackElo "1882"]

1. e4 e5 2. Bc4 Nc6 3. Nf3 Bc5 4. d3 h6 5. Nc3 Nf6 6. Na4 Be7 7. Be3 a6 8. Nh4
b5 9. Bxf7+ Kxf7 10. Nc5 Bxc5 11. Bxc5 d6 12. Be3 Bd7 13. O-O Rf8 14. Nf5 Bxf5
15. exf5 Kg8 16. c4 Qd7 17. cxb5 axb5 18. Qf3 Nb4 19. Rfd1 Nc2 20. Rac1 Nxe3 21.
fxe3 Rxa2 22. b4 Rfa8 23. e4 Rb2 24. Rb1 Rxb1 25. Rxb1 Qc6 26. Qe2 Qc3 27. h3
Ra3 28. Kh2 Rb3 29. Rd1 Rxb4 30. Qa2+ Kh7 31. Qf7 c5 32. Qc7 Qd4 33. Qf7 Rb3 0-1

[Event "AUTO-OPEN-1892"]
[Site "http://www.queenalice.com/game.php?id=737474"]
[Date "2010.2.25"]
[Round "1"]
[White "vininetto"]
[Black "chessmike1"]
[Result "1-0"]
[WhiteElo "1880"]
[BlackElo "1415"]

1. e4 e5 2. Nf3 d6 3. d4 exd4 4. Nxd4 a6 5. Nc3 Nf6 6. Bc4 Bd7 7. Bg5 h6 8. Bh4
Be7 9. O-O Nc6 10. f4 Bg4 11. Nxc6 bxc6 12. Qe1 Nh5 13. Bxe7 Qxe7 14. f5 Nf6 15.
h3 Bh5 16. g4 Bxg4 17. hxg4 Nxg4 18. Qg3 Qg5 19. Be2 Ne3 20. Qxg5 hxg5 21. Rf2
Nxc2 22. Rc1 Nd4 23. Rh2 Rg8 24. Rg2 f6 25. Rd1 c5 26. Nd5 Kd7 27. b4 Rge8 28.
Bd3 Nf3+ 29. Kf2 Nh4 30. Rh2 a5 31. bxc5 Rab8 32. Rb1 Rxb1 33. Bxb1 Rb8 34. Bd3
1-0

[Event "AUTO-OPEN-1892"]
[Site "http://www.queenalice.com/game.php?id=737475"]
[Date "2010.2.25"]
[Round "1"]
[White "chessmike1"]
[Black "Sphinxchess"]
[Result "0-1"]
[WhiteElo "1331"]
[BlackElo "1784"]

1. e4 e6 2. Nf3 d5 3. exd5 exd5 4. d4 Nf6 5. h3 c5 6. dxc5 Bxc5 7. Bg5 Qb6 8.
Qe2+ Ne4 9. Qb5+ Nd7 10. Qxb6 Nxb6 11. Bh4 O-O 0-1

[Event "AUTO-OPEN-1892"]
[Site "http://www.queenalice.com/game.php?id=737476"]
[Date "2010.2.25"]
[Round "1"]
[White "Sphinxchess"]
[Black "chessmike1"]
[Result "1-0"]
[WhiteElo "1782"]
[BlackElo "1333"]

1. d4 d5 2. c4 dxc4 3. e4 e5 4. Nf3 exd4 5. Bxc4 Nc6 6. O-O Bg4 7. Qb3 Bh5 8.
Qxb7 Nge7 9. Qb3 Rb8 10. Qd1 f6 11. Nbd2 Ng6 12. Qa4 1-0

[Event "AUTO-OPEN-1892"]
[Site "http://www.queenalice.com/game.php?id=737477"]
[Date "2010.2.25"]
[Round "1"]
[White "chessmike1"]
[Black "jolomol"]
[Result "0-1"]
[WhiteElo "1369"]
[BlackElo "2131"]

1. e4 c5 2. Nc3 Nc6 3. Nf3 d6 4. Bc4 e6 5. a3 Nf6 6. d3 Be7 7. Bb5 O-O 8. Bxc6
bxc6 9. e5 Nd5 10. Nxd5 cxd5 11. exd6 Qxd6 12. O-O Bb7 13. d4 cxd4 0-1

[Event "AUTO-OPEN-1892"]
[Site "http://www.queenalice.com/game.php?id=737478"]
[Date "2010.2.25"]
[Round "1"]
[White "jolomol"]
[Black "chessmike1"]
[Result "1-0"]
[WhiteElo "2130"]
[BlackElo "1371"]

1. e4 e5 2. Nf3 d6 3. d4 exd4 4. Nxd4 a6 5. Nc3 Bd7 6. Bc4 Nf6 7. Bg5 h6 8. Be3
Ng4 9. Qd2 Nxe3 10. fxe3 Bg4 11. O-O f6 12. Ne6 Bxe6 13. Bxe6 Qe7 14. Bf5 Nc6
15. Nd5 1-0

[Event "AUTO-INT-1622"]
[Site "http://www.queenalice.com/game.php?id=737714"]
[Date "2010.2.25"]
[Round "1"]
[White "wladimir"]
[Black "chessmike1"]
[Result "1-0"]
[WhiteElo "1566"]
[BlackElo "1401"]

1. e4 e5 2. Nf3 d6 3. Bc4 h6 4. Nc3 Nc6 5. d3 Nd4 6. Nxd4 exd4 7. Ne2 Qf6 8. Bf4
Ne7 9. Qd2 g5 10. Bg3 Nc6 11. O-O-O Be6 12. f3 a6 13. Bf2 Bg7 14. g4 Qe7 15. f4
gxf4 16. Qxf4 Qg5 17. Qxg5 hxg5 18. h3 O-O-O 19. Ng3 Be5 20. Nh5 Ne7 21. Rhg1
Ng6 22. Ng7 Bxg7 23. Rh1 Nf4 24. h4 gxh4 25. Bxh4 Rdf8 26. Rdf1 Be5 27. g5 Ng6
28. b3 Rxh4 29. Rxh4 Nxh4 30. Bxe6+ Kd8 31. Rxf7 Rxf7 32. Bxf7 1-0

[Event "AUTO-INT-1622"]
[Site "http://www.queenalice.com/game.php?id=737715"]
[Date "2010.2.25"]
[Round "1"]
[White "chessmike1"]
[Black "wladimir"]
[Result "0-1"]
[WhiteElo "1411"]
[BlackElo "1556"]

1. e4 e5 2. Nf3 Nc6 3. Bc4 Bc5 4. Bd5 h6 5. Nc3 a6 6. Bxc6 dxc6 7. Nxe5 Qd4 8.
Nd3 b5 9. O-O b4 10. Nxc5 Qxc5 11. Na4 Qb5 12. c3 Nf6 13. Re1 Nd7 14. cxb4 Qxb4
15. Nc3 Ne5 16. a3 Qc5 17. b4 Qc4 18. Qh5 Nd3 19. Re3 a5 20. bxa5 Ba6 21. Qe2
Qd4 22. Qg4 Nxc1 23. Rxc1 Qxd2 24. Rd1 Qb2 25. Qd7+ Kf8 26. a4 Rb8 27. Qxc6 Bb7
28. Qxc7 g5 29. Qxb8+ Kg7 30. Qe5+ Kh7 31. Qf5+ Kg8 32. Rd8+ Kg7 0-1

[Event "AUTO-INT-1622"]
[Site "http://www.queenalice.com/game.php?id=737728"]
[Date "2010.2.25"]
[Round "1"]
[White "geosus"]
[Black "chessmike1"]
[Result "1-0"]
[WhiteElo "1614"]
[BlackElo "1367"]

1. e4 e5 2. Qf3 Qf6 3. Qb3 Nc6 4. Bc4 Nd4 5. Qd3 Qg6 6. g3 d6 7. Nf3 Nxf3+ 8.
Qxf3 Qf6 9. Qxf6 Nxf6 10. d3 Bg4 11. h3 Bf3 12. Rg1 Bh5 13. g4 Bg6 14. Rh1 h6
15. Rg1 O-O-O 16. h4 h5 17. Bg5 hxg4 18. Bxf6 gxf6 19. Nc3 Rxh4 20. O-O-O Bh6+
21. Kb1 Bf4 22. Nb5 Kb8 23. a4 a6 24. Nd4 exd4 25. b4 1-0

[Event "AUTO-INT-1622"]
[Site "http://www.queenalice.com/game.php?id=737729"]
[Date "2010.2.25"]
[Round "1"]
[White "chessmike1"]
[Black "geosus"]
[Result "0-1"]
[WhiteElo "1361"]
[BlackElo "1620"]

1. e4 e5 2. Nf3 Nc6 3. Bc4 Nf6 4. d3 Bb4+ 5. c3 Bc5 6. Ng5 Nh5 7. Qxh5 Qf6 8.
Qxf7+ Qxf7 9. Nxf7 Rf8 10. O-O Na5 11. Nxe5 d6 12. Nf3 Bg4 13. Nbd2 Rf6 14. d4
Bb6 15. e5 Rg6 16. Bd3 Rh6 17. Nc4 Nxc4 18. Bxc4 Rg6 19. Be2 O-O-O 20. exd6
Rdxd6 21. Bf4 Rdf6 22. Be5 Re6 23. h3 Bxf3 24. Bxf3 Rg5 0-1

[Event "AUTO-INT-1622"]
[Site "http://www.queenalice.com/game.php?id=737736"]
[Date "2010.2.25"]
[Round "1"]
[White "eleden"]
[Black "chessmike1"]
[Result "1-0"]
[WhiteElo "1659"]
[BlackElo "1422"]

1. d4 d5 2. Bf4 a6 3. e3 Nf6 4. Nf3 e6 5. a3 Nc6 6. c4 dxc4 7. Bxc4 h6 8. Nc3
Bd6 9. Bxd6 Qxd6 10. Qc2 Bd7 11. Ne4 Nxe4 12. Qxe4 f5 13. Qh4 Qe7 14. Qxe7+ Nxe7
15. Ne5 Nc6 16. Nxc6 bxc6 17. O-O h5 18. h4 a5 19. b4 axb4 20. axb4 Rb8 21. Ra7
Kd8 22. Rfa1 Re8 23. Ra8 Rxa8 24. Rxa8+ Bc8 25. f4 Kd7 26. Kf2 Kd6 27. Ba6 Kd7
28. Bxc8+ Rxc8 29. Rxc8 Kxc8 30. Ke2 Kb7 31. Kd3 Kb6 32. Kc4 g6 33. g3 c5 34.
bxc5+ Kc6 35. Kb4 Kd5 36. Kb5 c6+ 37. Kb6 Ke4 38. Kxc6 Kxe3 39. Kd6 Kxd4 40. c6
Ke3 41. c7 Kf3 42. c8=Q Kxg3 43. Ke5 Kxh4 44. Qd8+ Kg4 45. Qg5+ Kf3 46. Qxg6 h4
47. Qg1 h3 48. Qh2 Kg4 49. Kxe6 Kh4 50. Kxf5 1-0

[Event "AUTO-INT-1622"]
[Site "http://www.queenalice.com/game.php?id=737737"]
[Date "2010.2.25"]
[Round "1"]
[White "chessmike1"]
[Black "eleden"]
[Result "0-1"]
[WhiteElo "1392"]
[BlackElo "1664"]

1. e4 e5 2. Bc4 Bc5 3. Qf3 Qf6 4. Qxf6 Nxf6 5. f3 O-O 6. d3 Nc6 7. Nc3 Nd4 8.
Bb3 Nxb3 9. axb3 a6 10. Bg5 Bb4 11. Ne2 b5 12. O-O c6 13. Na2 Bc5+ 14. Kh1 Ne8
15. b4 Bb6 16. Nac3 h6 17. Be7 Nc7 18. Bxf8 Kxf8 19. Ng3 g6 20. Nce2 d6 21. f4
Kg7 22. f5 Be3 23. Rf3 Bg5 24. fxg6 Kxg6 25. Nf5 Bxf5 26. Rxf5 Ne6 27. Raf1 f6
28. Ng1 a5 29. bxa5 Rxa5 30. Nf3 Nf4 31. Nxg5 hxg5 32. g3 Nh5 33. R5f2 Ra2 34.
g4 Nf4 35. b3 b4 36. Rc1 Nxd3 37. cxd3 Rxf2 38. Rxc6 Rb2 39. Rxd6 Rxb3 40. d4
exd4 41. Rxd4 Kf7 42. Kg2 Ke6 43. Kf2 Ke5 44. Rc4 Kf4 45. h3 Rf3+ 46. Kg2 Re3
47. Rxb4 Rxe4 48. Rb6 f5 49. gxf5 Kxf5 50. Rb5+ Kf4 51. Rb8 Re2+ 52. Kf1 Re5 53.
Kf2 g4 54. Rf8+ Rf5 55. Rg8 gxh3 56. Kg1 Rg5+ 57. Rxg5 Kxg5 0-1